000 00236nam a22001097a 4500
082 _a355.02 SHE'P
100 _aSHEEHAN, NEIL
_979282
245 _aTHE PENTAGON PAPERS
260 _aNEWYORK
_bTIMES
_c1971
300 _a677P
942 _cBK
999 _c584337
_d584337